000
00343nam a22001577a 4500
005
20260618101904.0
020
_a
9789391793241
041
_a
English
082
_a
T13 R25 PAR
100
_a
Parthasarathy.NA
245
_a
Pandimadevi
260
_a
Chennai
_b
Cholan Publications
_c
2025
300
_a
664
365
_b
2745.00
942
_c
BK
999
_c
177935
_d
177935